[Event "Amsterdam Euwe Challenge"]
[Site "Amsterdam"]
[Date "2010.02.22"]
[Round "4"]
[White "Wemmers, Xander"]
[Black "Khosla, Shiven"]
[Result "1/2-1/2"]
[WhiteElo "2404"]
[BlackElo "2291"]
[PlyCount "93"]
[EventDate "2010.02.19"]
[EventType "tourn"]
[EventRounds "9"]
[EventCountry "NED"]
[EventCategory "4"]
[SourceTitle "CBM 135 Extra"]
[Source "ChessBase"]
[SourceDate "2010.05.04"]
[SourceVersion "1"]
[SourceVersionDate "2010.05.04"]
[SourceQuality "1"]

1. e4 c5 2. Nf3 d6 3. d4 cxd4 4. Nxd4 Nf6 5. Nc3 g6 6. Be3 Bg7 7. Be2 0-0 8. f4 Nc6 9. Nb3 Be6 10. g4 Rc8 11. g5 Ne8 12. h4 Na5 13. h5 Nc4 14. Bxc4 Rxc4 15. Qd3 Qc8 16. Nd4 Rb4 17. b3 d5 18. e5 Nc7 19. Qd2 Rd8 20. hxg6 hxg6 21. 0-0-0 Bg4 22. Rdg1 Rb6 23. Rh4 Bh5 24. Nce2 Nb5 25. Nxb5 Rxb5 26. Bd4 Qc7 27. Ng3 Bf3 28. Qd3 Rb4 29. Qd2 Rb5 30. e6 fxe6 31. Bxg7 Kxg7 32. Qd4+ e5 33. fxe5 Qc5 34. Rf1 Qxd4 35. Rxd4 Rf8 36. Kd2 Rc5 37. Rf2 Rcc8 38. c3 Rc6 39. Rd3 Be4 40. Rxf8 Kxf8 41. Rd4 Kf7 42. Ra4 a6 43. Rb4 b5 44. Nxe4 dxe4 45. Rxe4 Ke6 46. a4 bxa4 47. Rxa4 1/2-1/2

[Event "New Delhi Parsvnath op 8th"]
[Site "New Delhi"]
[Date "2010.01.22"]
[Round "11"]
[White "Rathnakaran, Kantholi"]
[Black "Khosla, Shiven"]
[Result "1-0"]
[WhiteElo "2402"]
[BlackElo "2291"]
[PlyCount "100"]
[EventDate "2010.01.14"]
[EventType "swiss"]
[EventRounds "11"]
[EventCountry "IND"]
[SourceTitle "CBM 134 Extra"]
[Source "ChessBase"]
[SourceDate "2010.03.03"]
[SourceVersion "1"]
[SourceVersionDate "2010.03.03"]
[SourceQuality "1"]

1. e4 c5 2. Nf3 d6 3. c3 Nf6 4. Bd3 Nc6 5. h3 g6 6. Bc2 Bg7 7. 0-0 0-0 8. a3 e6 9. Re1 b6 10. d4 Bb7 11. b4 Rc8 12. Nbd2 Qc7 13. Ra2 Rfd8 14. Bb1 b5 15. Qe2 Qb6 16. Nb3 cxd4 17. cxd4 a5 18. Be3 Qa6 19. Bd3 Qa8 20. bxa5 Nxa5 21. Nxa5 Qxa5 22. Bg5 h6 23. Bd2 Qa8 24. Bb4 Bc6 25. Nd2 Qb7 26. Nb3 Be8 27. Qe3 Rb8 28. Rc2 Qa6 29. Rec1 Bf8 30. Qf3 Nh7 31. h4 Rdc8 32. d5 e5 33. Qe2 Rxc2 34. Qxc2 Bd7 35. Na5 Nf6 36. Qe2 Rc8 37. Rb1 Qb6 38. Qe3 Qb8 39. Bd2 Ng4 40. Qe2 h5 41. Bxb5 Rc2 42. Qd3 Qb6 43. Be3 Nxe3 44. Qxe3 Qxa5 45. Bxd7 Rc3 46. Qg5 Qxa3 47. Be6 fxe6 48. Qxg6+ Kh8 49. Qxh5+ Kg8 50. Qg6+ Kh8 1-0

[Event "New Delhi Parsvnath op 8th"]
[Site "New Delhi"]
[Date "2010.01.17"]
[Round "6"]
[White "Khosla, Shiven"]
[Black "Karthikeyan, Pandian"]
[Result "1/2-1/2"]
[WhiteElo "2291"]
[BlackElo "2408"]
[PlyCount "38"]
[EventDate "2010.01.14"]
[EventType "swiss"]
[EventRounds "11"]
[EventCountry "IND"]
[SourceTitle "CBM 134 Extra"]
[Source "ChessBase"]
[SourceDate "2010.03.03"]
[SourceVersion "1"]
[SourceVersionDate "2010.03.03"]
[SourceQuality "1"]

1. e4 c5 2. Nf3 d6 3. d4 cxd4 4. Nxd4 Nf6 5. Nc3 Nc6 6. Be2 e6 7. 0-0 Be7 8. Kh1 a6 9. Be3 Qc7 10. f4 0-0 11. Qe1 Re8 12. Qg3 Bf8 13. Rac1 Bd7 14. Bd3 Nb4 15. f5 e5 16. Nde2 Bc6 17. Bg5 Be7 18. Bh6 Bf8 19. Bg5 Be7 1/2-1/2

[Event "New Delhi Parsvnath op 8th"]
[Site "New Delhi"]
[Date "2010.01.16"]
[Round "4"]
[White "Khosla, Shiven"]
[Black "Bitoon, Richard"]
[Result "0-1"]
[WhiteElo "2291"]
[BlackElo "2458"]
[PlyCount "180"]
[EventDate "2010.01.14"]
[EventType "swiss"]
[EventRounds "11"]
[EventCountry "IND"]
[SourceTitle "CBM 134 Extra"]
[Source "ChessBase"]
[SourceDate "2010.03.03"]
[SourceVersion "1"]
[SourceVersionDate "2010.03.03"]
[SourceQuality "1"]

1. e4 c5 2. Nf3 Nc6 3. d4 cxd4 4. Nxd4 Qb6 5. Nb3 Nf6 6. Nc3 e6 7. a3 a6 8. Be2 Be7 9. 0-0 d6 10. Kh1 Qc7 11. Be3 b5 12. Nd4 Bb7 13. f4 0-0 14. Bd3 Na5 15. Qe1 Nc4 16. Bc1 Rac8 17. Qg3 Rfe8 18. Nf3 d5 19. exd5 Nxd5 20. Nxd5 Bxd5 21. b3 Bf6 22. Rb1 Nd6 23. Bb2 Bxb2 24. Rxb2 Be4 25. Ne5 Nf5 26. Qf2 Bxd3 27. Nxd3 Red8 28. b4 Qc3 29. Rfb1 h6 30. Qe1 Qd4 31. Qe5 Rc3 32. Qxd4 Nxd4 33. Ne1 Ne2 34. g3 Rxa3 35. Nd3 Nc3 36. Re1 Na4 37. Rbb1 Ra2 38. Rbc1 Rc8 39. Re2 Nb6 40. Kg2 Nd5 41. Kf2 Rc4 42. c3 Rxe2+ 43. Kxe2 Nxc3+ 44. Kd2 Nd5 45. Rxc4 bxc4 46. Nc5 Nxb4 47. Kc3 Nd5+ 48. Kxc4 Ne3+ 49. Kd4 Nf1 50. Nxa6 Nxh2 51. Ke4 g6 52. Nc7 Kf8 53. Nb5 Ng4 54. Nd4 Ke7 55. Nf3 Nf2+ 56. Ke3 Ng4+ 57. Ke4 f5+ 58. Kd4 Kf6 59. Ne1 Nf2 60. Ke3 Ng4+ 61. Kf3 e5 62. fxe5+ Nxe5+ 63. Kf2 Ke6 64. Ng2 g5 65. Ke2 Kd5 66. Ke3 Nc4+ 67. Kf3 Kd4 68. Ne1 Ne5+ 69. Ke2 Ke4 70. Ng2 Ng4 71. Ne1 Ne5 72. Ng2 Nc4 73. Ne1 f4 74. gxf4 Kxf4 75. Kf2 h5 76. Nd3+ Ke4 77. Nc5+ Kf5 78. Nb3 h4 79. Nd4+ Ke5 80. Nf3+ Kf4 81. Ng1 g4 82. Ne2+ Kf5 83. Nd4+ Ke4 84. Ne2 Ne5 85. Nc3+ Kd4 86. Ne2+ Kd3 87. Nf4+ Ke4 88. Ne2 Nd3+ 89. Kg1 Nf4 90. Nc3+ Kf3 0-1

[Event "New Delhi Parsvnath op 8th"]
[Site "New Delhi"]
[Date "2010.01.15"]
[Round "3"]
[White "Gutov, Andrey"]
[Black "Khosla, Shiven"]
[Result "0-1"]
[WhiteElo "2444"]
[BlackElo "2291"]
[PlyCount "90"]
[EventDate "2010.01.14"]
[EventType "swiss"]
[EventRounds "11"]
[EventCountry "IND"]
[SourceTitle "CBM 134 Extra"]
[Source "ChessBase"]
[SourceDate "2010.03.03"]
[SourceVersion "1"]
[SourceVersionDate "2010.03.03"]
[SourceQuality "1"]

1. d4 Nf6 2. c4 g6 3. Nc3 Bg7 4. e4 d6 5. Nf3 0-0 6. Be2 e5 7. 0-0 Na6 8. Re1 Qe8 9. Bf1 Bg4 10. d5 Nb4 11. Be2 a5 12. Be3 Na6 13. h3 Bd7 14. Nd2 Qe7 15. Bg5 h6 16. Bh4 Nc5 17. b3 g5 18. Bg3 Nh7 19. f3 f5 20. exf5 Bxf5 21. Nde4 Nxe4 22. fxe4 Bg6 23. Bh5 Qe8 24. Bxg6 Qxg6 25. Qg4 Nf6 26. Qe6+ Kh7 27. Rf1 Rae8 28. Qf5 Nh5 29. Qxg6+ Kxg6 30. Rxf8 Rxf8 31. Kh2 Nxg3 32. Kxg3 h5 33. Re1 Bh6 34. Re2 Rf1 35. Kh2 g4 36. hxg4 h4 37. g3 Rf3 38. Nb5 Rxg3 39. g5 Kxg5 40. Nxc7 Kg4 41. Ne8 Bf4 42. Kh1 Kf3 43. Rh2 h3 44. Rc2 Rg2 45. Rc3+ Kf2 0-1

[Event "IND-ch U15"]
[Site "Mumbai"]
[Date "2009.11.06"]
[Round "7"]
[White "Khosla, Shiven"]
[Black "Yashas, Devappa"]
[Result "0-1"]
[WhiteElo "2331"]
[BlackElo "2119"]
[PlyCount "93"]
[EventDate "2009.11.01"]
[EventType "swiss"]
[EventRounds "11"]
[EventCountry "IND"]
[SourceTitle "EXT 2011"]
[Source "ChessBase"]
[SourceDate "2010.11.26"]
[SourceVersion "1"]
[SourceVersionDate "2010.11.26"]
[SourceQuality "1"]

1. e4 d5 2. exd5 Nf6 3. d4 Bg4 4. Nf3 Nxd5 5. Be2 g6 6. h3 Bxf3 7. Bxf3 c6 8. 0-0 Bg7 9. Re1 0-0 10. c3 Nd7 11. Qb3 N5b6 12. Nd2 e5 13. Ne4 h6 14. Be3 exd4 15. cxd4 Qb8 16. Nc5 Qc7 17. g3 g5 18. Rac1 Nxc5 19. Rxc5 Qd7 20. Kg2 Bxd4 21. Rd1 Bxc5 22. Rxd7 Nxd7 23. Qxb7 Bxe3 24. fxe3 Ne5 25. Qc7 Rfe8 26. Be2 Rad8 27. Qa5 Rd5 28. Qc3 Red8 29. Kf2 R8d7 30. e4 Rd4 31. Ke3 f5 32. exf5 R4d5 33. Bc4 Nxc4+ 34. Qxc4 R7d6 35. Ke4 a5 36. b4 axb4 37. Qxb4 Kf8 38. a4 Kf7 39. a5 Rd7 40. Qc4 Re7+ 41. Kf3 Kf8 42. Kg4 Rxa5 43. Qxc6 Kg8 44. Qg6+ Rg7 45. Qe8+ Kh7 46. f6 Rc7 47. Qe4+ 0-1

[Event "IND-ch U15"]
[Site "Mumbai"]
[Date "2009.11.05"]
[Round "6"]
[White "Khosla, Shiven"]
[Black "Kaushik, S."]
[Result "0-1"]
[WhiteElo "2331"]
[BlackElo "2118"]
[PlyCount "80"]
[EventDate "2009.11.01"]
[EventType "swiss"]
[EventRounds "11"]
[EventCountry "IND"]
[SourceTitle "EXT 2011"]
[Source "ChessBase"]
[SourceDate "2010.11.26"]
[SourceVersion "1"]
[SourceVersionDate "2010.11.26"]
[SourceQuality "1"]

1. e4 c5 2. Nf3 Nc6 3. d4 cxd4 4. Nxd4 Nf6 5. Nc3 e5 6. Ndb5 d6 7. Bg5 a6 8. Na3 b5 9. Nd5 Be7 10. Bxf6 Bxf6 11. c3 Ne7 12. Nxf6+ gxf6 13. Bd3 Bb7 14. Nc2 d5 15. exd5 Qxd5 16. Ne3 Qe6 17. a4 Rd8 18. Qe2 e4 19. Bc2 Bc6 20. axb5 axb5 21. 0-0 f5 22. Qh5 Rg8 23. h3 h6 24. Ra7 Rg5 25. Qh4 Kf8 26. Bb3 Qf6 27. g3 Rd2 28. Rb1 f4 29. Ng4 Qg6 30. Rxe7 Kxe7 31. Ne5 Qf6 32. Ng4 Qd6 33. Nxh6 Qc5 34. Qxf4 Rxf2 35. Qxf2 Rxg3+ 36. Kf1 Rf3 37. Qxf3 exf3 38. Re1+ Kf8 39. Ng4 Qh5 40. Kf2 Qh4+ 0-1

[Event "IND-ch U15"]
[Site "Mumbai"]
[Date "2009.11.02"]
[Round "2"]
[White "Khosla, Shiven"]
[Black "Manush, Shah"]
[Result "1-0"]
[WhiteElo "2331"]
[BlackElo "1866"]
[PlyCount "93"]
[EventDate "2009.11.01"]
[EventType "swiss"]
[EventRounds "11"]
[EventCountry "IND"]
[SourceTitle "EXT 2011"]
[Source "ChessBase"]
[SourceDate "2010.11.26"]
[SourceVersion "1"]
[SourceVersionDate "2010.11.26"]
[SourceQuality "1"]

1. e4 c5 2. Nf3 e6 3. d4 cxd4 4. Nxd4 a6 5. Bd3 Bc5 6. Nb3 Ba7 7. 0-0 Nc6 8. c4 Nf6 9. Nc3 0-0 10. Qe2 Ne5 11. Be3 Bxe3 12. Qxe3 Nfg4 13. Qe2 Nxh2 14. Rfd1 Qh4 15. Nd2 Nxd3 16. Qxd3 Ng4 17. Qf3 f5 18. Qg3 Qxg3 19. fxg3 Ne3 20. Rdc1 fxe4 21. c5 Rb8 22. Na4 Nd5 23. Nc4 d6 24. Nxd6 Bd7 25. Nc3 Nxc3 26. Rxc3 Bc6 27. Re1 Rbd8 28. Rb3 Rd7 29. Rb6 Rf5 30. Nxf5 exf5 31. Kf2 Rd5 32. b4 g5 33. a4 f4 34. gxf4 gxf4 35. b5 Rd2+ 36. Re2 e3+ 37. Ke1 axb5 38. axb5 Bxg2 39. Rxd2 exd2+ 40. Kxd2 Kg7 41. c6 bxc6 42. bxc6 h5 43. c7 Bh3 44. Rb4 Kf6 45. Rxf4+ Ke7 46. Rd4 Bf5 47. Rd8 1-0

[Event "Andorra op 27th"]
[Site "Arinsal"]
[Date "2009.07.26"]
[Round "9"]
[White "Khosla, Shiven"]
[Black "Narciso Dublan, Marc"]
[Result "0-1"]
[WhiteElo "2235"]
[BlackElo "2553"]
[PlyCount "104"]
[EventDate "2009.07.18"]
[EventType "swiss"]
[EventRounds "9"]
[EventCountry "AND"]
[SourceTitle "CBM 131 Extra"]
[Source "ChessBase"]
[SourceDate "2009.09.03"]
[SourceVersion "2"]
[SourceVersionDate "2009.09.16"]
[SourceQuality "1"]

1. e4 Nf6 2. e5 Nd5 3. d4 d6 4. Nf3 dxe5 5. Nxe5 c6 6. Be2 Bf5 7. 0-0 Nd7 8. Bd3 Bxd3 9. Nxd3 e6 10. c4 N5f6 11. Re1 Be7 12. b3 0-0 13. Bb2 c5 14. Nd2 cxd4 15. Nf3 Nc5 16. Bxd4 Nxd3 17. Qxd3 Bc5 18. Rad1 Bxd4 19. Nxd4 Qa5 20. Qe3 Rfd8 21. a4 Qb6 22. h3 Rd7 23. Rd3 Rad8 24. Red1 h6 25. Qe5 Qd6 26. Qa5 b6 27. Qc3 Qe5 28. Qd2 Qc5 29. Qc3 e5 30. Nb5 Ne4 31. Qc2 Rxd3 32. Rxd3 Rxd3 33. Qxd3 Qxf2+ 34. Kh2 Nd2 35. Nd6 h5 36. Ne4 Qf4+ 37. g3 Nf3+ 38. Kg2 Ne1+ 39. Kg1 Nxd3 40. gxf4 exf4 41. Nd6 Nc5 42. b4 Nxa4 43. Nc8 a6 44. Ne7+ Kf8 45. Nd5 a5 46. b5 Ke8 47. Nxf4 Kd7 48. Nxh5 g6 49. Nf4 Kd6 50. Nd3 Nc5 51. Nc1 Ke5 52. Ne2 a4 0-1

[Event "Mumbai Mayors Cup 2nd"]
[Site "Mumbai"]
[Date "2009.05.04"]
[Round "5"]
[White "Murali Krishnan, BT."]
[Black "Khosla, Shiven"]
[Result "1/2-1/2"]
[WhiteElo "2427"]
[BlackElo "2197"]
[PlyCount "69"]
[EventDate "2009.05.01"]
[EventType "swiss"]
[EventRounds "11"]
[EventCountry "IND"]
[SourceTitle "CBM 130 Extra"]
[Source "ChessBase"]
[SourceDate "2009.07.02"]
[SourceVersion "2"]
[SourceVersionDate "2009.07.15"]
[SourceQuality "1"]

1. d4 Nf6 2. c4 g6 3. Nc3 Bg7 4. e4 d6 5. f3 0-0 6. Nge2 a6 7. Be3 Nbd7 8. Qd2 c5 9. d5 b5 10. cxb5 Qa5 11. Nc1 axb5 12. Bxb5 Ba6 13. Nb3 Qb6 14. Bxa6 Qxa6 15. Qe2 Ne5 16. Qxa6 Rxa6 17. Ke2 Nc4 18. Bc1 Rb8 19. Kd3 Nd7 20. Kc2 Ndb6 21. Re1 Na4 22. Nxa4 Rxa4 23. Re2 Ne5 24. Bd2 c4 25. Nd4 Nxf3 26. gxf3 Bxd4 27. Bc3 Bxc3 28. Kxc3 Kg7 29. Rb1 Rxa2 30. Kxc4 Kf6 31. f4 e5 32. dxe6 Kxe6 33. Kc3 h6 34. Rd2 g5 35. fxg5 1/2-1/2